000 01001nam a2200253 a 4500
001 000010815
005 20200929162309.0
008 091012s2009 dr 000 0 spa d
020 _a9789945163070
040 _aDO-SdBNP
_bspa
_cBNPHU
082 _a923.7
_bM632d
100 1 _aMieses Ramírez, Yris Margarita,
_d1959-
_926126
245 1 0 _aDatos biográficos de educadores y educadoras de Jarabacoa /
_cYris Margarita Mieses Ramírez.
260 _aSanto Domingo :
_bBúho,
_c2009.
300 _a360 p. :
_bil. ;
_c23 cm.
500 _aIncluye referencias bibliográficas y notas al pie de las páginas
504 _aBibligrafía: p. 359-360
650 4 _aPersonal docente
_zJarabacoa (República Dominicana
_xBiografía
_926127
650 4 _aEducación
_zJarabacoa (República Dominicana
_926128
651 4 _aJarabacoa (República Dominicana
_xHistoria Local
_926129
650 4 _aCiudades y pueblos
_zRepública Dominicana
_9784
910 _aValidado. Control de calidad BNPHU
049 _aBNPHU
999 _c10564
_d10564